Movies Missing 4-Letter Words Quiz Stats

 Plays Quiz Updated Dec 8, 2015

Challenge
Share
Tweet
Embed
Score 0/40 Timer 04:00
1 Play Today
Title Word % Correct
West ___ StorySide
99.5%
Natural ___ KillersBorn
96.2%
The Hills ___ EyesHave
94.1%
___ GritTrue
92.9%
Chariots of ___Fire
92.4%
Boyz n the ___Hood
92.1%
A Room with a ___View
90%
Shakespeare in ___Love
89.5%
The Razor's ___Edge
86.5%
The ___ MontyFull
86.4%
How to ___ a Guy in 10 DaysLose
85.6%
The Curious ___ of Benjamin ButtonCase
85.6%
A ___ Called WandaFish
84.8%
Shaun of the ___Dead
84.4%
___ Dark ThirtyZero
83.3%
___ TorinoGran
83.3%
___ Miner's DaughterCoal
82.8%
___ RunningsCool
82.3%
Invasion of the ___ SnatchersBody
80.1%
Mr. Deeds ___ to TownGoes
78.8%
Title Word % Correct
A Farewell to ___Arms
73.8%
The Bridge on the River ___Kwai
73.6%
___ DurhamBull
73.4%
___ Solomon's MinesKing
70.5%
3:10 to ___Yuma
69.2%
Annie ___Hall
67.5%
Quiz ___Show
64.9%
The ___ RushGold
63.7%
La Dolce ___Vita
60.7%
Don't ___ NowLook
59.2%
Spirited ___Away
59%
The Defiant ___Ones
51.8%
___ of the Spider WomanKiss
51.6%
The Purple ___ of CairoRose
50.9%
The ___ of NavaroneGuns
48%
The Seventh ___Seal
45.8%
Barton ___Fink
45.7%
___ Plains DrifterHigh
44.9%
Five ___ PiecesEasy
43%
Straw ___Dogs
38.8%

You're not logged in!

Compare scores with friends on all Sporcle quizzes.
OR
Log In

You Might Also Like...

Show Comments

Extras

Top Quizzes Today


Score Distribution

Your Account Isn't Verified!

In order to create a playlist on Sporcle, you need to verify the email address you used during registration. Go to your Sporcle Settings to finish the process.

Report this User

Report this user for behavior that violates our Community Guidelines.

Details: